000
00274nam a22001217a 4500
008
170815b xxu||||| |||| 00| 0 eng d
041
_a
eng
080
_a
311
100
_a
36
101
_a
STA
245
_a
A PRIMER MULTIVARIATE STATISTICS
_c
HARRIS.R.J
942
_2
udc
_c
BK
999
_c
23500
_d
23500